000
00262nam a22001217a 4500
082
_a
100
_b
BYR/S
100
_a
BYRNE,RHONDA
245
_a
SECRET THE POWER
260
_a
UK
_b
SIMON & SCHUSTER
300
_a
250
650
_a
PERSONALITY DEVELOPMENT
_z
UK
942
_c
BK
999
_c
5016
_d
5016